<?xml version="1.0" encoding="UTF-8"?>
<collection xmlns="http://www.loc.gov/MARC21/slim">
<record>
  <controlfield tag="001">163379</controlfield>
  <controlfield tag="005">20251028143406.0</controlfield>
  <datafield tag="024" ind1="8" ind2=" ">
    <subfield code="2">innovaciondocente</subfield>
    <subfield code="a">5350</subfield>
  </datafield>
  <datafield tag="037" ind1=" " ind2=" ">
    <subfield code="a">INNODOC-2024-5350</subfield>
  </datafield>
  <datafield tag="041" ind1=" " ind2=" ">
    <subfield code="a">spa</subfield>
  </datafield>
  <datafield tag="100" ind1=" " ind2=" ">
    <subfield code="0">(orcid)0000-0002-4389-2622</subfield>
    <subfield code="a">Hernández Trasobares, Alejandro</subfield>
    <subfield code="e">coord.</subfield>
  </datafield>
  <datafield tag="245" ind1=" " ind2=" ">
    <subfield code="a">¿Influye el absentismo en el rendimiento académico? Un análisis en el Grado en RLRH</subfield>
  </datafield>
  <datafield tag="260" ind1=" " ind2=" ">
    <subfield code="a">Zaragoza</subfield>
    <subfield code="b">Universidad de Zaragoza</subfield>
    <subfield code="c">2024</subfield>
  </datafield>
  <datafield tag="520" ind1="3" ind2=" ">
    <subfield code="a">La Ley Orgánica 2/2023 de 22 de marzo, del Sistema Universitario, establece que las universidades deben garantizar un adecuado rendimiento de las actividades académicas, siendo responsables, además, de evaluar tanto la calidad de la enseñanza como el desempeño estudiantil. El rendimiento del alumnado es crucial para su éxito profesional y también un excelente indicador de la calidad educativa, razón por la que las universidades implementan procesos de calidad en la evaluación de las actividades académicas.  Bajo tales premisas, el presente proyecto pretende llevar a cabo un estudio detallado sobre los diversos factores que influyen en el rendimiento académico, centrándose en el creciente absentismo universitario, el cual puede afectar negativamente al desempeño e influir positivamente en la tasa de abandono. A tal efecto, el proyecto analiza si el absentismo afecta o no al rendimiento académico del estudiantado en el Grado en Relaciones Laborales y Recursos Humanos de la Universidad de Zaragoza.</subfield>
  </datafield>
  <datafield tag="700" ind1=" " ind2=" ">
    <subfield code="0">(orcid)0000-0002-8077-5919</subfield>
    <subfield code="a">Castillo Murciego, Ángela</subfield>
  </datafield>
  <datafield tag="700" ind1=" " ind2=" ">
    <subfield code="0">(orcid)0000-0001-7914-2623</subfield>
    <subfield code="a">Saenz Royo, Carlos</subfield>
  </datafield>
  <datafield tag="700" ind1=" " ind2=" ">
    <subfield code="0">(orcid)0000-0002-2663-2976</subfield>
    <subfield code="a">Santor Salcedo, Elena María</subfield>
  </datafield>
  <datafield tag="700" ind1=" " ind2=" ">
    <subfield code="0">(orcid)0000-0002-6865-9915</subfield>
    <subfield code="a">Murillo Luna, Josefina Lucía</subfield>
  </datafield>
  <datafield tag="700" ind1=" " ind2=" ">
    <subfield code="0">(orcid)0000-0002-8486-6885</subfield>
    <subfield code="a">Latorre Martínez, María Pilar</subfield>
  </datafield>
  <datafield tag="700" ind1=" " ind2=" ">
    <subfield code="0">(orcid)0000-0002-1754-312X</subfield>
    <subfield code="a">Urbina Pérez, Olga</subfield>
  </datafield>
  <datafield tag="700" ind1=" " ind2=" ">
    <subfield code="0">(orcid)0000-0001-8990-4564</subfield>
    <subfield code="a">Herrero Luna, Sonia</subfield>
  </datafield>
  <datafield tag="856" ind1="4" ind2=" ">
    <subfield code="s">226520</subfield>
    <subfield code="u">http://zaguan.unizar.es/record/163379/files/memoria_PIET_2024_5350.pdf</subfield>
    <subfield code="y">Memoria del proyecto</subfield>
  </datafield>
  <datafield tag="970" ind1=" " ind2=" ">
    <subfield code="a">INNODOC-2024-5350</subfield>
  </datafield>
  <datafield tag="980" ind1=" " ind2=" ">
    <subfield code="a">INNODOC</subfield>
    <subfield code="b">PIET</subfield>
    <subfield code="c">PIET_2</subfield>
  </datafield>
</record>
</collection>